Reference book ... [for Santa Clara County, California, 1903-4] (Record no. 91016)
[ view plain ]
| 000 -LEADER | |
|---|---|
| fixed length control field | 00566cam a22001931 4500 |
| 001 - CONTROL NUMBER | |
| control field | tmp90000073 |
| 003 - CONTROL NUMBER IDENTIFIER | |
| control field | DLC |
| 005 - DATE AND TIME OF LATEST TRANSACTION | |
| control field | 20260227112753.0 |
| 008 - FIXED-LENGTH DATA ELEMENTS--GENERAL INFORMATION | |
| fixed length control field | 910109s1903 cau 000 0 eng |
| 010 ## - LIBRARY OF CONGRESS CONTROL NUMBER | |
| LC control number | tmp90000073 |
| 040 ## - CATALOGING SOURCE | |
| Original cataloging agency | DLC |
| Transcribing agency | DLC |
| Modifying agency | DLC |
| 050 00 - LIBRARY OF CONGRESS CALL NUMBER | |
| Classification number | HG3751.75 |
| Item number | .S26 1903 |
| 110 2# - MAIN ENTRY--CORPORATE NAME | |
| Corporate name or jurisdiction name as entry element | Abbott Collection Agency. |
| 245 00 - TITLE STATEMENT | |
| Title | Reference book ... [for Santa Clara County, California, 1903-4] |
| 260 ## - PUBLICATION, DISTRIBUTION, ETC. | |
| Place of publication, distribution, etc. | San Jose, Cal. |
| Date of publication, distribution, etc. | [1903] |
| 300 ## - PHYSICAL DESCRIPTION | |
| Extent | 169 p. |
| Dimensions | 14 cm. |
| 650 #0 - SUBJECT ADDED ENTRY--TOPICAL TERM | |
| Topical term or geographic name entry element | Credit ratings |
| Geographic subdivision | California |
| -- | San Jose. |
| 651 #0 - SUBJECT ADDED ENTRY--GEOGRAPHIC NAME | |
| Geographic name | San Jose (Calif.) |
| Form subdivision | Genealogy. |
No items available.